Southville International School and Colleges
Your cart is empty.
  • Cart
  • Lists
    Public lists Eva Luna New books Lux_list list_1
    Your lists Log in to create your own lists
  • Log in to your account
  • Your cookies
  • Search history
Southville International School and Colleges
  • Advanced search
  • Recent comments
  • Most popular
  • Libraries

Log in to your account

Log in with GOOGLE


If you do not have an external account, but do have a local account, you can still log in:

  1. Home
  2. MARC view: Exploring maths 6 :
Normal view MARC view ISBD view

Exploring maths 6 : (Record no. 293674)

[ view plain ]
MARC details
000 -LEADER
fixed length control field 00452nam a22001577a 4500
003 - CONTROL NUMBER IDENTIFIER
control field SISC
005 - DATE AND TIME OF LATEST TRANSACTION
control field 20160426152950.0
008 - FIXED-LENGTH DATA ELEMENTS--GENERAL INFORMATION
fixed length control field 160426b xxu||||| |||| 00| 0 eng d
020 ## - INTERNATIONAL STANDARD BOOK NUMBER
International Standard Book Number 9781405844222
050 ## - LIBRARY OF CONGRESS CALL NUMBER
Classification number QA 11.531 St896c 2009
100 ## - MAIN ENTRY--PERSONAL NAME
Personal name Straker, Anita
245 ## - TITLE STATEMENT
Title Exploring maths 6 :
Remainder of title class book
Statement of responsibility, etc Anita Straker
260 ## - PUBLICATION, DISTRIBUTION, ETC. (IMPRINT)
Place of publication, distribution, etc London :
Name of publisher, distributor, etc Pearson Education Limited
Date of publication, distribution, etc 2009
300 ## - PHYSICAL DESCRIPTION
Extent 407 pages.,
Other physical details col.,ill.,
Dimensions 28 cm.
942 ## - ADDED ENTRY ELEMENTS (KOHA)
Source of classification or shelving scheme Library of Congress Classification
Koha item type Books
Holdings
Withdrawn status Lost status Source of classification or shelving scheme Damaged status Home library Current library Shelving location Date acquired Source of acquisition Sub Shelving location Total Checkouts Full call number Barcode Date last seen Price effective from Koha item type
    Library of Congress Classification   Luxembourg Library Luxembourg Library Teachers Reference Section 04/26/2016 Library Fund     QA 11.531 St896c 2009 19519 04/26/2016 04/26/2016 Books

Exploring maths 6 :

APA

Straker A., . (2009). Exploring maths 6. London: Pearson Education Limited.

Chicago

Straker Anita, . 2009. Exploring maths 6. London: Pearson Education Limited.

Harvard

Straker A., . (2009). Exploring maths 6. London: Pearson Education Limited.

MLA

Straker Anita, . Exploring maths 6. London: Pearson Education Limited. 2009.

  • Place hold
  • Print
  • Cite
  • Add to your cart (remove)
  • Save record
    BIBTEX Dublin Core MARCXML MARC (non-Unicode/MARC-8) MARC (Unicode/UTF-8) MARC (Unicode/UTF-8, Standard) MODS (XML) RIS
  • More searches
    Search for this title in:
    Other Libraries (WorldCat) Other Databases (Google Scholar) Online Stores (Bookfinder.com) Open Library (openlibrary.org)

Exporting to Dublin Core...

SOUTHVILLE LIBRARY

Southville International School and Colleges Library

1281 Tropical Ave. Cor. Luxembourg St., BF Homes International, Las Pinas City

Tel. No. 8256374 / 252358 Loc. 117/146

Powered by Koha